Dech moře

Bibliographic Details
Main Author: Cousteau, Jacques-Yves, 1910-1997 (Author)
Other Authors: Jungwirth, František, 1920-1997 (Translator)
Format: Book
Language:Czech
English
PhysicalDescription:336 s. farebné a čiernobiele fotografie
Published: Praha Mladá fronta 1964
Edition:1. vyd.
Series:Kolumbus
Subjects:

MARC

LEADER 00000nam a2200000 a 4500
001 vtls001354611
003 SK-MaSNL
005 20260301010447.0
008 251029s1964 xr o 0 cze
035 |a SNK000308055 
040 |a SNK  |b slo  |c SNK  |e AACR2 
041 1 |a cze  |h eng 
044 |a xr  |c CZ 
080 |a 551.46  |2 2001 
080 |a 001.891(26.03)  |2 2001 
080 |a 821.133.1-992  |2 2001 
080 |a 910  |2 2001 
100 1 |a Cousteau, Jacques-Yves,  |d 1910-1997  |4 aut  |9 208491 
245 1 0 |a Dech moře  |c Jacques-Yves Cousteau; z angl. orig. přel. František Jungwirth 
250 |a 1. vyd. 
260 |a Praha  |b Mladá fronta  |c 1964 
300 |a 336 s.  |b farebné a čiernobiele fotografie 
490 1 |a Kolumbus  |v sv. 25 
650 0 7 |a oceánografia  |2 SNKPH  |9 67524 
650 0 7 |a podmorský výskum  |2 SNKPH  |9 68119 
700 1 |a Jungwirth, František,  |d 1920-1997  |4 trl  |9 212861 
830 0 |a Kolumbus  |9 292308 
852 |a Štátna vedecká knižnica v Banskej Bystrici 
958 |a OND 
999 |c 548182  |d 550112 
952 |a SNK  |b SNK  |y NEVYP  |7 0  |p 17A0097268  |o snkID 38079 D1  |0 0  |1 1  |4 0  |d 1999-02-06  |l 0  |r 2005-01-02 00:00:00  |w 2026-02-23